Countries with the lowest highest temperature - Statistics

General Stats
  • This quiz has been taken 137 times
    32 since last reset
  • The average score is 5 of 12
Answer Stats
Temperature Country % Correct
30.5 (86.9 F) Iceland
97%
35.6 (96.1 F) Norway
90%
35.6 (96.1 F) Estonia
72%
33.3 (91.9 F) Ireland
69%
35.6 (96.1 F) Palau
31%
35.3 (95.5 F) Samoa
31%
35.6 (96.1 F) Barbados
28%
35.5 (95.9 F) Tonga
28%
35.6 (96.1 F) Marshall Islands
24%
35.1 (95.2 F) Maldives
21%
34.9 (94.8 F) Antigua and Barbuda
17%
35.1 (95.2 F) Monaco
10%
No matching quizzes found
Score Distribution
Percent of People with Each Score
Percentile by Number Answered
Your Score History
You have not taken this quiz since the last reset